• 首页
  • 本馆介绍
  • 公告通知
  • 最新文献
  • 馆藏检索
  • 电子资源
  • 读者导购
  • 参考咨询
  • 我的图书馆
  • 登录
  • 详细信息显示
  • 放入我的书架
  • 预约/预借图书
  • 作者相关作品
  • 分类相关作品
  • 丛书相关作品
  • 出版社相关作品

书目信息

  • 表格格式
  • 工作单格式
  • 卡片格式
题名:
这幅画里原来有狗
    
 
作者: 周文翰 著
分册:  
出版信息: 成都   四川科学技术出版社  2019.05
页数: 265页
开本: 26cm
丛书名:
单 册:
中图分类: S829.2 , J11
科图分类:
主题词: 犬--quan--文化--世界 , 艺术--yi shu--介绍--世界
电子资源:
ISBN: 978-7-5364-9382-7
000 01152nam0 2200301 450
001 CAL 0120192761560
005 20230217093111.0
010    @a978-7-5364-9382-7@dCNY99.00
100    @a20190529d2019 em y0chiy0120 ea
101 0  @achi
102    @aCN@b510000
105    @aa a 000yy
106    @ar
200 1  @a这幅画里原来有狗@Azhe fu hua li yuan lai you gou@d= Incredible dogs in art history@e8000年艺术史中的狗@f周文翰著@zeng
210    @a成都@c四川科学技术出版社@d2019.05
215    @a265页@c彩图@d26cm
314    @a周文翰, 艺术评论家, 建筑评论家, 博物学家, 作家。
320    @a有书目 (第264页)
330    @a本书是一部简约的狗文化通俗读本, 通过200余幅充满爱与美的艺术名作, 引领读者踏上一段轻松美好的文化艺术之旅, 认识艺术史上形形色色的狗狗形象, 也将帮助我们更好地了解狗狗们的世界。
510 1  @aIncredible dogs in art history@zeng
517 1  @a8000年艺术史中的狗@A8000 nian yi shu shi zhong de gou
606 0  @a犬@Aquan@x文化@y世界
606 0  @a艺术@Ayi shu@x介绍@y世界
690    @aS829.2@v5
690    @aJ11@v5
701  0 @a周文翰@Azhou wen han@4著
801  0 @aCN@bBJXHZP@c20230228
905    @b1395450-3@dS829.2@e221@f4
    
    这幅画里原来有狗= Incredible dogs in art history:8000年艺术史中的狗/周文翰著.-成都:四川科学技术出版社,2019.05
    265页:彩图;26cm
    
    
    ISBN 978-7-5364-9382-7:CNY99.00
    本书是一部简约的狗文化通俗读本, 通过200余幅充满爱与美的艺术名作, 引领读者踏上一段轻松美好的文化艺术之旅, 认识艺术史上形形色色的狗狗形象, 也将帮助我们更好地了解狗狗们的世界。
●
相关链接 在E读中查询图书 在五车中查询图书 在当当中查询图书 在豆瓣中查询图书


正题名:这幅画里原来有狗     索取号:S829.2/221         预约/预借

序号 登录号 条形码 馆藏地/架位号 状态 备注
1 1395450   213954504   第二样本阅览室/ [索取号:S829.2/221] 在馆    
2 1395451   213954513   第三借阅区/ [索取号:S829.2/221] 在馆    
3 1395452   213954522   第三借阅区/ [索取号:S829.2/221] 在馆    
4 1395453   213954531   第三借阅区/ [索取号:S829.2/221] 在馆    
唐山师范学院图书馆 欢迎您!
大连网信软件有限公司© 版权所有